[Event "Biel Master Tournament 2019"]
[Site "Biel"]
[Date "2019.07.24"]
[Round "3.18"]
[White "Erigaisi Arjun"]
[Black "Nebolsina, Vera"]
[Result "1-0"]
[WhiteElo "2531"]
[BlackElo "2269"]
[Annotator "TA"]
[PlyCount "73"]
[EventDate "2019.07.20"]
[EventType "swiss"]
[EventCountry "SUI"]
[SourceTitle "playchess.com"]
[Source "ChessBase"]
[SourceQuality "1"]

{[%evp 9,73,0,9,-17,41,15,41,45,70,23,55,49,52,43,42,45,66,67,59,66,112,70,64,45,26,25,41,29,88,72,67,60,80,0,19,19,33,-8,-22,-36,-40,-39,-28,-34,-27,-104,-50,-90,-77,-254,110,-493,34,-478,635,-91,198,196,475,-604,692,-470,157,-691,-279,-1291]} 1. d4 Nf6 2. c4 g6 3. Nc3 d5 4. Nf3 Bg7 5. h4 (5. h3 dxc4 6. e4 c5 7. d5 O-O 8. Bxc4 b5 9. Nxb5 Nxe4 10. O-O Ba6 11. Qe2 Nd6 12. Nxd6 Qxd6 {0-1 (94) Meier,G (2628)-Vachier Lagrave,M (2773) Karlsruhe/Baden Baden 2019}) 5... c6 6. Bg5 {D90: Grünfeld: 4 Nf3 Bg7 sidelines} Bg4 (6... dxc4 $11 7. Bxf6 Bxf6) 7. cxd5 $146 ({Predecessor:} 7. Qb3 Nbd7 8. Qxb7 O-O 9. Qxc6 Rb8 10. cxd5 Rxb2 11. Bd2 Qb8 12. Rc1 Rc8 {0-1 (21) Li,Y (2434)-Krysa,L (2548) Hanoi 2018}) 7... Bxf3 8. gxf3 {White is slightly better.} Nxd5 9. h5 (9. e4 $5 {[%cal Re4d5]} Nb6 10. Be3 $14) 9... h6 10. Bd2 {Hoping for hxg6.} g5 11. e3 e6 12. Rg1 Nd7 {[%cal Bb8d7,Bd7f6,Bf6d5][%mdl 32]} 13. f4 Qe7 14. Qb3 N7f6 15. Be2 O-O-O 16. O-O-O Nxc3 17. Bxc3 Nd5 $1 18. Ba5 Rdg8 (18... Rd7 $11) 19. fxg5 hxg5 20. Kb1 Kb8 21. Rc1 (21. e4 $16 Nf4 22. Bf3) 21... Rc8 22. Bd2 f5 23. Rc4 (23. e4 $5 fxe4 24. Bxg5 $11) 23... g4 24. f3 Rxh5 {aiming for ...Rh2.} 25. fxg4 Rh2 $36 {[%mdl 2048] Black has good play.} 26. Qd3 Bh6 27. Be1 (27. Rc2 $11) 27... f4 ({Black should play} 27... Rh3 $17 {White must now prevent ...Rg8.} 28. Rg3 Rh2) 28. e4 Ne3 29. Ra4 $2 (29. Rc5 $17 {might work better.}) 29... Rf8 $2 (29... c5 $1 $19 {[%cal Rc5c4] Threatens to win with ...c4.} 30. Qb5 Bg7) 30. Ba5 $2 {[%mdl 8192]} (30. Bb4 $16 {is forced if you want to stay better.} Qh4 31. Bd6+ Kc8 32. Rc1 (32. Rxa7 Rxe2 33. a3 Qf2 $17) (32. Bxf8 $2 Rh1 $17)) 30... b6 $2 (30... f3 $19 31. Bxf3 Rxf3) 31. Bc3 $2 {[%mdl 8192]} (31. Bb4 $14 {was the only good move.} Qc7 32. Bxf8 Bxf8 33. Rc1) 31... c5 $4 {[%mdl 8192]} (31... f3 $19 32. Bxf3 Rxf3) 32. Qa6 $2 (32. dxc5 $18 bxc5 33. Qb5+ Ka8 34. Qc6+ Qb7 35. Rxa7+ $3 {[%mdl 576] Clearance} Kxa7 36. Qa4+ Kb8 37. Be5+ Qc7 38. Qb3+ Kc8 39. Qxe6+ Kd8 40. Bxc7+ Kxc7 41. Qe7+ Kb6 42. g5 Bxg5 43. Qxg5 Rxe2 44. Qh6+ {[%mdl 64] Double Attack} Kb5 45. Qxf8) 32... Qb7 $2 {[%mdl 8192]} (32... Bg7 $1 $17 {[%cal Rg7d4] stays on course. Strongly threatening ...Bxd4.} 33. dxc5 Bxc3 34. bxc3 Qb7) 33. dxc5 $18 Qxa6 $2 (33... Rxe2 {was worth a try.} 34. Qxe2 f3) 34. Rxa6 $4 {[%mdl 8192]} (34. Bxa6 $18 bxc5 35. Be5+ (35. g5 Bxg5 36. Be5+ Ka8 $18) 35... Ka8 36. Ra5) 34... Rg2 $4 {[%mdl 8192]} (34... Rxe2 $19 35. cxb6 f3 36. Be5+ Kb7 {[%mdl 64] Double Attack} 37. Rxa7+ Kxb6 38. Bd4+ Kb5) 35. Rc1 $4 {[%mdl 8192]} (35. Be5+ $18 {avoids the disaster.} Kb7 {[#]} 36. c6+ $1 {[%mdl 512]} Ka8 37. Rxg2 Nxg2 38. Ra3 $1 {[%mdl 512]}) 35... Nxg4 $2 ({Better is} 35... Rxe2 $19 36. cxb6 Nxg4) 36. c6 $2 (36. Bf3 $16 Rg3 37. Bxg4) 36... f3 (36... Rxe2 $142 37. Bb4 Rc8) 37. Bxf3 {Played: Bc3-e5} 1-0

[Event "Biel Master Tournament 2019"]
[Site "Biel"]
[Date "2019.07.24"]
[Round "3.19"]
[White "Karavade, Eesha"]
[Black "Gukesh D"]
[Result "0-1"]
[WhiteElo "2355"]
[BlackElo "2520"]
[Annotator "ChessBase"]
[PlyCount "108"]
[EventDate "2019.07.20"]
[EventType "swiss"]
[EventCountry "SUI"]
[SourceTitle "playchess.com"]
[Source "ChessBase"]
[SourceQuality "1"]
[TimeControl "40/5400+30:1800+30"]

1. e4 {[%emt 0:00:00]} c5 {[%emt 0:00:13]} 2. Nf3 {[%emt 0:00:12]} Nc6 {[%emt 0:00:44]} 3. Bb5 {[%emt 0:00:21]} g6 {[%emt 0:02:58]} 4. Bxc6 {[%emt 0:01:08]} dxc6 {[%emt 0:00:02]} 5. d3 {[%emt 0:01:16]} Bg7 {[%emt 0:00:08]} 6. h3 {[%emt 0:00:07]} Nf6 {[%emt 0:00:06]} 7. Nc3 {[%emt 0:01:45]} Nd7 {[%emt 0:00:05]} 8. Be3 {[%emt 0:01:06]} e5 {[%emt 0:00:13]} 9. Qd2 {[%emt 0:00:35]} h6 {[%emt 0:00:06]} 10. O-O {[%emt 0:00:06]} b6 {[%emt 0:00:03]} 11. Nh2 {[%emt 0:01:32]} Nf8 {[%emt 0:00:11]} 12. f4 {[%emt 0:01:15]} exf4 {[%emt 0:00:05]} 13. Bxf4 {[%emt 0:00:05]} Ne6 {[%emt 0:02:41]} 14. Be3 {[%emt 0:05:11]} Nd4 {[%emt 0:00:44]} 15. Rae1 {[%emt 0:01:05]} Be6 {[%emt 0:02:07]} 16. e5 {[%emt 0:01:41]} Nf5 {[%emt 0:06:51]} 17. Ng4 {[%emt 0:12:45]} Nxe3 {[%emt 0:06:52]} 18. Qxe3 {[%emt 0:01:15]} Bxg4 {[%emt 0:20:00]} 19. hxg4 {[%emt 0:00:06]} O-O {[%emt 0:00:18]} 20. Qf4 {[%emt 0:07:30]} Qc7 {[%emt 0:16:58]} 21. g5 {[%emt 0:06:32]} hxg5 {[%emt 0:06:04]} 22. Qxg5 {[%emt 0:00:14]} Rae8 {[%emt 0:00:27]} 23. Ne4 {[%emt 0:08:59]} Qxe5 {[%emt 0:04:42]} 24. Nf6+ {[%emt 0:08:40]} Bxf6 {[%emt 0:01:38]} 25. Rxe5 {[%emt 0:00:06]} Bxg5 {[%emt 0:00:03]} 26. Rxg5 {[%emt 0:00:07]} Re2 {[%emt 0:00:58]} 27. Rf2 {[%emt 0:00:03]} Re1+ {[%emt 0:07:48]} 28. Rf1 {[%emt 0:05:01]} Rfe8 {[%emt 0:03:41]} 29. Rg4 {[%emt 0:00:57]} R8e2 {[%emt 0:04:15]} 30. Rc4 {[%emt 0:00:54]} Rxf1+ {[%emt 0:00:40]} 31. Kxf1 {[%emt 0:00:03]} Rd2 {[%emt 0:00:48]} 32. a3 {[%emt 0:00:30]} a5 {[%emt 0:04:44]} 33. Rc3 {[%emt 0:00:36]} Rd1+ {[%emt 0:06:45]} 34. Ke2 {[%emt 0:02:01]} Rg1 {[%emt 0:00:04]} 35. Kf3 {[%emt 0:01:30]} Rb1 {[%emt 0:01:17]} 36. b3 {[%emt 0:12:43]} Rf1+ {[%emt 0:01:13]} 37. Ke2 {[%emt 0:00:41]} Rf4 {[%emt 0:00:21]} 38. Ke3 {[%emt 0:04:27]} Rg4 {[%emt 0:00:04]} 39. Kf3 {[%emt 0:00:39]} Rd4 {[%emt 0:00:04]} 40. b4 {[%emt 0:02:11]} axb4 {[%emt 0:00:28]} 41. axb4 {[%emt 0:30:02]} Rxb4 {[%emt 0:30:43]} 42. Ra3 {[%emt 0:01:16]} c4 {[%emt 0:00:00]} 43. d4 {[%emt 0:00:00]} Rb2 {[%emt 0:00:00]} 44. Ra6 {[%emt 0:00:00]} Kf8 {[%emt 0:00:00]} 45. g4 {[%emt 0:00:00]} b5 {[%emt 0:00:00]} 46. Rxc6 {[%emt 0:00:00]} Rxc2 {[%emt 0:00:00]} 47. Rb6 {[%emt 0:00:00]} Rb2 {[%emt 0:00:00]} 48. Rc6 {[%emt 0:00:00]} Ke7 {[%emt 0:00:00]} 49. g5 {[%emt 0:00:00]} Kd7 {[%emt 0:00:00]} 50. Rc5 {[%emt 0:00:00]} Rb3+ {[%emt 0:00:00]} 51. Kf4 {[%emt 0:00:00]} c3 {[%emt 0:00:00]} 52. Ke5 {[%emt 0:00:00]} b4 {[%emt 0:00:00]} 53. Kd5 {[%emt 0:00:00]} Rb1 {[%emt 0:00:00]} 54. Rc4 {[%emt 0:00:00]} Rg1 {[%emt 0:00:12]} 0-1

[Event "Biel Master Tournament 2019"]
[Site "Biel"]
[Date "2019.07.24"]
[Round "3.20"]
[White "Shyam, Sundar M."]
[Black "Samant Aditya S"]
[Result "1/2-1/2"]
[WhiteElo "2520"]
[BlackElo "2296"]
[Annotator "ChessBase"]
[PlyCount "100"]
[EventDate "2019.07.20"]
[EventType "swiss"]
[EventCountry "SUI"]
[SourceTitle "playchess.com"]
[Source "ChessBase"]
[SourceQuality "1"]
[TimeControl "40/5400+30:1800+30"]

1. e4 {[%emt 0:00:00]} c5 {[%emt 0:00:00]} 2. Nf3 {[%emt 0:00:00]} d6 {[%emt 0:00:00]} 3. d4 {[%emt 0:00:11]} cxd4 {[%emt 0:00:00]} 4. Nxd4 {[%emt 0:00:10]} Nf6 {[%emt 0:00:00]} 5. Nc3 {[%emt 0:00:16]} Nc6 {[%emt 0:00:05]} 6. Be2 {[%emt 0:00:25]} e5 {[%emt 0:00:07]} 7. Nxc6 {[%emt 0:00:05]} bxc6 {[%emt 0:00:06]} 8. Qd3 {[%emt 0:00:02]} Be7 {[%emt 0:00:23]} 9. O-O {[%emt 0:00:06]} O-O {[%emt 0:00:12]} 10. Qg3 {[%emt 0:00:04]} Rb8 {[%emt 0:01:12]} 11. b3 {[%emt 0:00:20]} Be6 {[%emt 0:05:47]} 12. f4 {[%emt 0:02:58]} Kh8 {[%emt 0:16:17]} 13. Kh1 {[%emt 0:03:29]} Qc7 {[%emt 0:01:23]} 14. Bd2 {[%emt 0:04:20]} Rfd8 {[%emt 0:01:52]} 15. Rad1 {[%emt 0:01:38]} Rbc8 {[%emt 0:06:49]} 16. b4 {[%emt 0:25:10]} Rb8 {[%emt 0:10:44]} 17. a3 {[%emt 0:01:09]} a5 {[%emt 0:03:01]} 18. bxa5 {[%emt 0:03:25]} Rb2 {[%emt 0:06:37]} 19. a6 {[%emt 0:11:42]} Rxc2 {[%emt 0:03:27]} 20. Qd3 {[%emt 0:00:28]} Rb2 {[%emt 0:00:28]} 21. f5 {[%emt 0:00:04]} Bb3 {[%emt 0:02:39]} 22. Rb1 {[%emt 0:15:20]} Bc2 {[%emt 0:04:02]} 23. Rxb2 {[%emt 0:00:05]} Bxd3 {[%emt 0:00:08]} 24. Bxd3 {[%emt 0:00:01]} Ra8 {[%emt 0:18:10]} 25. Rb7 {[%emt 0:09:26]} Qd8 {[%emt 0:00:08]} 26. a7 {[%emt 0:00:55]} d5 {[%emt 0:02:43]} 27. Rfb1 {[%emt 0:00:04]} Bd6 {[%emt 0:05:23]} 28. exd5 {[%emt 0:04:16]} cxd5 {[%emt 0:01:00]} 29. Nb5 {[%emt 0:10:16]} Bc5 {[%emt 0:01:02]} 30. Bb4 {[%emt 0:05:33]} Bxa7 {[%emt 0:05:04]} 31. Nxa7 {[%emt 0:00:15]} e4 {[%emt 0:03:03]} 32. Bf1 {[%emt 0:01:11]} d4 {[%emt 0:01:14]} 33. Nb5 {[%emt 0:01:12]} Qd5 {[%emt 0:01:48]} 34. Nd6 {[%emt 0:00:09]} d3 {[%emt 0:00:34]} 35. Nxf7+ {[%emt 0:01:25]} Kg8 {[%emt 0:00:04]} 36. Bd2 {[%emt 0:00:49]} h6 {[%emt 0:01:37]} 37. Bc3 {[%emt 0:00:45]} Ng4 {[%emt 0:00:43]} 38. Nxh6+ {[%emt 0:00:14]} Nxh6 {[%emt 0:00:13]} 39. Rxg7+ {[%emt 0:00:02]} Kf8 {[%emt 0:00:08]} 40. f6 {[%emt 0:00:24]} Nf7 {[%emt 0:01:03]} 41. g3 {[%emt 0:31:32]} d2 {[%emt 0:15:23]} 42. Bb4+ {[%emt 0:00:00]} Nd6 {[%emt 0:04:06]} 43. Be2 {[%emt 0:00:00]} e3+ {[%emt 0:02:35]} 44. Kg1 {[%emt 0:00:00]} Rc8 {[%emt 0:01:24]} 45. Rd1 {[%emt 0:00:00]} Rc1 {[%emt 0:02:39]} 46. Rd7 {[%emt 0:00:00]} Rxd1+ {[%emt 0:00:43]} 47. Bxd1 {[%emt 0:00:00]} e2 {[%emt 0:01:06]} 48. Bxe2 {[%emt 0:00:00]} d1=Q+ 49. Bxd1 {[%emt 0:00:00]} Qxd1+ {[%emt 0:01:03]} 50. Kf2 {[%emt 0:00:00]} Qd5 {[%emt 0:04:02]} 1/2-1/2

[Event "Biel Master Tournament 2019"]
[Site "Biel"]
[Date "2019.07.25"]
[Round "4.1"]
[White "Kamsky, Gata"]
[Black "Erdos, Viktor"]
[Result "1/2-1/2"]
[WhiteElo "2673"]
[BlackElo "2603"]
[Annotator "TA"]
[PlyCount "55"]
[EventDate "2019.07.20"]
[EventType "swiss"]
[EventCountry "SUI"]
[SourceTitle "playchess.com"]
[Source "ChessBase"]
[SourceQuality "1"]

{[%evp 18,55,-17,-17,-9,-9,-12,-8,0,2,7,-5,2,12,18,0,0,-4,16,12,16,13,35,32,31,0,46,47,47,58,45,44,49,20,42,32,40,13,22,18]} 1. d4 Nf6 2. Nf3 g6 3. Bg5 Bg7 4. Nbd2 O-O 5. c3 d6 6. e4 c5 7. dxc5 dxc5 8. h3 Nc6 {[%cal Bb8c6,Bc6a5,Ba5b7][%mdl 32]} 9. Bc4 Qc7 10. O-O h6 {A48: 1 d4 Nf6 2 Nf3 g6: Torre, London and Colle Systems} (10... b6 11. Re1 Nh5 12. Nf1 Rd8 13. Qc1 Bb7 14. Ne3 Ne5 15. Nxe5 Bxe5 16. Ng4 Bf4 17. Bxf4 Qxf4 18. Qxf4 Nxf4 {½-½ (31) Galego,L (2508)-Hansen,E (2615) Lisbon 2019}) 11. Be3 Rd8 12. Qc2 Na5 13. Be2 b6 $146 ({Predecessor:} 13... Rb8 14. Nb3 Nxb3 15. axb3 b5 16. Nd2 Be6 17. f4 Nd7 18. Ra6 {½-½ (74) Peric,S (2277)-Robiolle,J (2000) Muret 2009}) 14. Nb3 Nb7 15. Nfd2 Bd7 16. a4 Bc6 17. Rfe1 e5 18. f3 Nh5 19. Nc4 Ng3 20. Bd3 Qd7 21. Nc1 Kh7 22. Bf2 Nh5 23. Bf1 Nf4 24. Bh4 f6 25. Bf2 Bf8 26. Ne2 Ne6 27. Red1 Qe8 28. Rxd8 {Accuracy: White = 65%, Black = 45%.} 1/2-1/2

[Event "Biel Master Tournament 2019"]
[Site "Biel"]
[Date "2019.07.25"]
[Round "4.2"]
[White "Brkic, Ante"]
[Black "Donchenko, Alexander"]
[Result "1/2-1/2"]
[WhiteElo "2573"]
[BlackElo "2615"]
[Annotator "TA"]
[PlyCount "55"]
[EventDate "2019.07.20"]
[EventType "swiss"]
[EventCountry "SUI"]
[SourceTitle "playchess.com"]
[Source "ChessBase"]
[SourceQuality "1"]

{[%evp 13,55,24,47,42,82,0,17,18,21,33,23,15,14,0,0,0,0,0,0,0,0,4,21,30,18,18,38,34,30,35,36,0,0,3,8,5,12,0,0,0,5,0,0,0]} 1. e4 c6 2. d4 d5 3. e5 Bf5 4. Nf3 e6 5. Be2 c5 6. Be3 Qb6 7. Nc3 Nc6 8. O-O {B12: Caro-Kann: Advance Variation} Qxb2 9. Qe1 (9. Nb5 $16 Rc8 10. dxc5) 9... cxd4 10. Bxd4 Nxd4 ({Don't go for} 10... Qxc2 $2 11. Rc1 $18) ({Don't blunder} 10... Bxc2 $2 11. Nb5 $18) 11. Nxd4 Bb4 12. Ndb5 {White wants to play Rb1.} Ba5 $1 13. Rb1 Qxc2 14. Rc1 $146 (14. Rb3 Ne7 15. Nd6+ Kf8 16. Nxb7 Bb6 17. Nd6 Ba5 18. Nb7 Bb6 19. Nd6 Ba5 20. Nb7 {½-½ (20) Vachier Lagrave,M (2773)-Anand,V (2774) Karlsruhe/Baden Baden 2019}) 14... Qb2 15. Na4 {[%mdl 64] [#] Discovered Attack} Bxe1 16. Nxb2 {Nc7+ is the strong threat.} Ba5 17. Nd6+ Kf8 18. Nxf5 exf5 19. Rc5 $1 {[%csl LRa5,LRd5][%mdl 64] [#] Double Attack} Bb6 20. Rxd5 Ke7 21. Rfd1 {Strongly threatening Nc4.} Rd8 22. Bb5 {Threatens to win with Rxd8.} Rxd5 {The position is equal.} 23. Rxd5 Nh6 24. Rd7+ Ke6 25. Rd6+ Ke7 26. Rd7+ Ke6 27. Rd6+ Ke7 28. Rd7+ {Accuracy: White = 53%, Black = 78%.} 1/2-1/2

[Event "Biel Master Tournament 2019"]
[Site "Biel"]
[Date "2019.07.25"]
[Round "4.3"]
[White "Mastrovasilis, Athanasios"]
[Black "Salem, A.R. Saleh"]
[Result "0-1"]
[WhiteElo "2518"]
[BlackElo "2672"]
[Annotator "TA"]
[PlyCount "94"]
[EventDate "2019.07.20"]
[EventType "swiss"]
[EventCountry "SUI"]
[SourceTitle "playchess.com"]
[Source "ChessBase"]
[SourceQuality "1"]

{[%evp 16,116,22,7,24,17,33,22,30,25,60,41,43,43,47,21,56,19,42,45,31,22,54,42,42,47,56,37,73,22,55,7,7,16,0,0,18,0,0,0,0,-17,-18,-36,-35,-145,-61,-190,-130,-105,0,-37,-33,-36,0,-35,-35,-128,-125,-141,-108,-91,-118,-244,-244,-310,-312,-305,-312,-313,-294,-290,-282,-265,-218,-855,-670,-839,-832,-788,-818,-747,-704,-617,-541,-1216,-1160,-29985,-29986,-29986,-29987,-29986,-29985,-29985,-29986,-29986,-1405,-29986,-29987,-29992,-29990,-29991,-29992]} 1. d4 Nf6 2. Nf3 g6 3. g3 Bg7 4. Bg2 O-O 5. O-O d6 6. Re1 Nbd7 7. e4 e5 8. Nc3 Re8 9. h3 a6 {B07: Pirc Defence: Miscellaneous Systems} (9... c6 10. a4 b6 11. Bg5 Bb7 12. Qd2 Qc7 13. Rad1 a6 14. dxe5 dxe5 15. Qd6 Qxd6 16. Rxd6 h6 17. Bxf6 Nxf6 18. Nd2 {½-½ (80) Kramnik,V (2792)-Grischuk,A (2766) Paris 2018}) 10. a4 b6 11. Bg5 Bb7 {The position is equal.} 12. d5 Qe7 $146 ({Predecessor:} 12... h6 13. Be3 Qe7 14. Qd2 Kh7 15. Nh2 Qf8 16. Rf1 Rac8 17. Ng4 {1-0 (39) Houska,J (2426)-Injac,T (2310) Antalya 2019}) 13. Nh2 Qf8 14. Ng4 Kh8 15. Nxf6 Nxf6 16. Ra3 Ng8 17. Na2 f5 18. Rf3 h6 19. Bc1 Re7 20. a5 bxa5 21. c4 Bc8 22. Qa4 (22. Bd2 $16) 22... Nf6 23. Nc3 Rf7 24. exf5 gxf5 25. Qxa5 Nh7 26. Rd3 f4 27. Ne4 Bf5 28. g4 (28. gxf4 exf4 29. Rf3 Bxe4 $19) 28... Bg6 29. Rb3 Qe7 30. Qa3 (30. c5 $15) 30... Rg8 ({Black should try} 30... Qh4 $1 $17 31. Bd2 Bxe4 32. Rxe4 (32. Bxe4 Ng5 $17) 32... Ng5) 31. f3 (31. Qxa6 $15 Ng5 32. Nxg5 Qxg5 33. c5) 31... Qh4 ({Better is} 31... Bxe4 $19 32. Rxe4 Ng5) 32. Bd2 $17 Ng5 (32... h5 $17 33. Re2 (33. Qxa6 hxg4 34. hxg4 Bxe4 $17) 33... Bxe4) 33. Nxg5 (33. Re2 $5 {[%cal Rd2e1]} Bxe4 34. fxe4 $11) 33... hxg5 34. Re2 $1 Rgf8 35. Be1 Qh7 36. Qxa6 (36. c5 $15) 36... e4 37. Bc3 Bxc3 38. Rxc3 Qg7 39. Qa7 (39. Qa1 $17) 39... c5 $1 $19 {[%mdl 1024] Black has strong compensation.} 40. Qb6 Qd4+ 41. Rf2 ({Much weaker is} 41. Kh2 Qd1 $19) 41... e3 42. Re2 Qd1+ 43. Bf1 Rd7 44. Qb3 Qb1 {And now ...Ra7 would win.} 45. Rcc2 $2 (45. Qa4 Rdd8 46. b4) 45... Bxc2 46. Qc3+ Kg8 47. Rxc2 Re7 {Played: Qb1-d1} 0-1

[Event "Biel Master Tournament 2019"]
[Site "Biel"]
[Date "2019.07.25"]
[Round "4.4"]
[White "Xiong, Jeffery"]
[Black "Santos Ruiz, Miguel"]
[Result "1-0"]
[WhiteElo "2691"]
[BlackElo "2567"]
[Annotator "TA"]
[PlyCount "75"]
[EventDate "2019.07.20"]
[EventType "swiss"]
[EventCountry "SUI"]
[SourceTitle "playchess.com"]
[Source "ChessBase"]
[SourceQuality "1"]

{[%evp 11,75,28,17,3,11,0,6,0,0,0,0,0,0,0,0,0,-4,-20,-27,-35,-37,-26,-27,-22,0,-5,0,-44,-28,-27,0,0,0,0,12,-9,0,-20,-22,-76,-16,-16,0,0,52,52,52,52,31,0,250,243,505,506,498,498,474,475,491,487,29995,29996,29996,29997,29997,29998]} 1. d4 Nf6 2. c4 e6 3. Nc3 Bb4 4. Nf3 O-O 5. Bg5 h6 6. Bh4 c5 7. Rc1 {E21: Nimzo-Indian: 4 Nf3} cxd4 8. Nxd4 d5 9. cxd5 {The position is equal.} g5 {And now ...e5 would win.} 10. Bg3 Qxd5 $1 11. e3 $146 (11. a3 Bxc3+ 12. bxc3 Ne4 13. f3 Nxg3 14. hxg3 {½-½ (45) Harikrishna,P (2743)-Kramnik,V (2779) Batumi 2018}) 11... Qxa2 12. Bd3 Qxb2 13. O-O $1 {Black must now prevent Ncb5.} Bxc3 14. Rc2 Qb4 15. Nb5 e5 16. Rxc3 Nc6 17. f4 Bg4 18. Qc2 $1 Nd5 19. Bc4 Be6 ({Wrong is} 19... Nxc3 $2 20. Qg6+ Kh8 21. Qxh6+ Kg8 22. Qxg5+ Kh8 23. Qh4+ (23. Qxg4 Qxc4 24. Qh4+ Kg8 $11) 23... Kg7 24. Qxg4+ Kh8 25. fxe5 $18) 20. Rb1 Qe7 (20... Nxe3 $5 21. Qc1 Qe7 22. Qxe3 exf4 23. Bxf4 Bxc4 24. Rxc4 gxf4 25. Qxf4 Qg5 $15) 21. Bxd5 $1 Bxd5 22. fxe5 Nxe5 23. Rc7 $132 {[%mdl 2048] White is not holding back} Nd7 {aiming for ...Be4.} 24. Qd2 Bc6 25. Nd4 {[#]} (25. Nd6 $11) 25... Qe4 (25... Be4 $1 $17 {[%cal Re4b1]} 26. Rb5 Qd8) 26. Rf1 $1 $11 Ne5 {Strongly threatening ...Nc4.} 27. Nf5 Nc4 (27... Kh7 $11) 28. Qe2 $14 Rae8 $1 {[%cal Re8e6] Threatens to win with ...Re6.} 29. Nxh6+ {[%mdl 64] Double Attack} Kg7 30. Nxf7 Qxe3+ $2 (30... Kg6 $1 $11) 31. Qxe3 $18 Nxe3 $2 (31... Rxe3 32. Ne5+ (32. Nxg5+ Kg8 $16) 32... Kg8 33. Rxf8+ (33. Nxc6 Rxf1+ 34. Kxf1 bxc6 $14) 33... Kxf8 34. Nxc4 Re2 35. Bd6+ Kg8) 32. Be5+ Kg6 33. Rf6+ Kh5 {[#] ...Rxf7! is the strong threat.} 34. h3 $1 {[%csl Gf7][%cal Rf6h6]} Ng4 35. hxg4+ Kxg4 (35... Kh4 $18 36. Bd4 Rxf7 37. Rcxf7 a6) 36. Nh6+ {White mates.} Kh5 37. g4+ Kh4 38. Nf5+ {Accuracy: White = 58%, Black = 43%.} 1-0

[Event "Biel Master Tournament 2019"]
[Site "Biel"]
[Date "2019.07.25"]
[Round "4.5"]
[White "Jumabayev, Rinat"]
[Black "Puranik, Abhimanyu"]
[Result "1/2-1/2"]
[WhiteElo "2633"]
[BlackElo "2550"]
[Annotator "TA"]
[PlyCount "136"]
[EventDate "2019.07.20"]
[EventType "swiss"]
[EventCountry "SUI"]
[SourceTitle "playchess.com"]
[Source "ChessBase"]
[SourceQuality "1"]

{[%evp 15,136,29,36,20,34,37,43,18,22,10,9,7,43,31,23,3,35,20,27,34,32,0,0,0,0,-17,-3,-25,-5,-27,0,-15,0,-17,0,-20,-24,-25,-16,-29,-12,-31,-11,-34,0,-22,-26,-14,-20,-32,0,0,0,0,96,81,124,132,113,117,103,110,130,23,39,61,133,141,131,123,131,132,193,199,254,208,211,193,270,234,227,248,238,170,198,187,212,195,187,188,180,134,160,156,195,189,422,56,88,88,85,77,87,19,17,16,19,14,27,8,8,0,0,0,0,0,0,0,0,0,0,0,0]} 1. Nf3 Nf6 2. c4 g6 3. Nc3 c5 4. d4 cxd4 5. Nxd4 Nc6 6. g3 d6 7. Bg2 Bd7 8. O-O Bg7 9. Nxc6 {A31: Symmetrical English: 2 Nf3 Nf6 3 d4} (9. Nc2 Rc8 10. b3 Qa5 11. Nb5 a6 12. Bd2 Qd8 13. Nc3 O-O 14. Rc1 Rb8 15. a4 Qb6 16. Ne3 e6 17. h3 {1-0 (47) Grachev,B (2626)-Zvjaginsev,V (2642) St Petersburg 2018}) 9... Bxc6 10. e4 O-O 11. Qe2 {White is slightly better.} Nd7 12. Bd2 a6 13. Rab1 Rb8 $146 ({Predecessor:} 13... b5 14. cxb5 axb5 15. a3 Rb8 16. Rfc1 Ne5 {1-0 (62) Sebenik,M (2524)-Milanovic,D (2494) Sarajevo 2011}) 14. Rfc1 e6 15. b4 {aiming for b5.} b6 16. Rd1 Qe7 17. Rbc1 Rfc8 18. Be1 Bb7 19. f4 Rc7 20. Qd3 Rbc8 21. Ne2 Bf8 22. a3 Bc6 23. Nc3 Bb7 24. Ne2 Bc6 25. Bf2 Ba4 26. Re1 Bg7 27. Be3 h5 28. Bf3 Qf8 29. Nd4 Nf6 30. Bd1 Bxd1 31. Rexd1 Ng4 32. Bd2 h4 33. h3 $36 {[%mdl 2048] White has the initiative.} Nf6 34. g4 d5 (34... e5 $11 35. Nf3 Qe8) 35. cxd5 $16 exd5 36. Rxc7 Rxc7 37. e5 (37. Qxa6 dxe4 38. Be1 Qd6 $17) 37... Ne4 38. Qxa6 Rc4 {[#]} 39. Be1 ({Stronger than} 39. Qxb6 Qa8 $11) ({White should try} 39. Be3 $1 $16) 39... Bxe5 $1 $11 40. Ne2 Bg7 (40... Bf6 $14) 41. Rxd5 $16 ({Much worse is} 41. Bxh4 $6 Qe8 $11) 41... Rc8 42. Bxh4 Nf6 43. Rd2 Rc6 (43... Rd8 $16 44. Rd3 Qe8) 44. Qd3 $18 Rc8 (44... Kh7 $142 45. f5 Qe8 46. Bxf6 Rxf6) 45. f5 Qe7 46. Kg2 Qe8 (46... Qb7+ $142 47. Qf3 Ne4) 47. Ng3 Qc6+ 48. Kh2 Kh7 49. Rf2 Nd7 50. Qe4 Qd6 51. Kg2 Ne5 {[#]} 52. fxg6+ $1 fxg6 53. Bg5 Rc4 54. Rd2 Qc7 55. Qd5 Nxg4 $2 (55... Qf7 {keeps fighting.} 56. Qxf7 Nxf7) 56. Qd7 $2 (56. hxg4 $18 Rxg4 57. Kf1 Qc4+ 58. Ne2 Qxd5 59. Rxd5) 56... Ne5 57. Qxc7 Rxc7 58. Ne4 Nc4 59. Rd3 ({Better is} 59. Ra2 $16) 59... Ra7 $11 60. Bc1 Bh6 61. Nf6+ Kg7 62. Ne8+ Kh7 {The position is equal.} 63. Nd6 Ne5 64. Rd5 {Threatens to win with Bxh6.} Bxc1 65. Rxe5 Rxa3 66. Re7+ Kh6 67. Rb7 Bf4 68. Ne4 Re3 {Accuracy: White = 51%, Black = 52%.} 1/2-1/2